000 nam a22 a 4500
999 _c189823
_d189823
003 BLK
005 20220907142020.0
008 180411b bul|||||r ||||||| ||bul||
010 _aKNG00198870000
040 _aBLK
041 _aBUL
_cBUL
080 _aОсновни определения. Еластични сили. Еластичен потенциал. Област на еластичност. Предел на еластичност
_b539.31
_x(075.8)
_z539.31(075.8)
139 _aРъководство за решаване на задачи по теория на еластичността, устойчивост и динамика на еластичните системи
_bР 97
245 1 0 _aРъководство за решаване на задачи по теория на еластичността, устойчивост и динамика на еластичните системи
_bЗа студентите от ВИСИ
_cпод ред. на Христо Петров Върбанов.
257 _aBGR
260 _aСофия
_bТехника
_c1974
300 _a528 с.
_bс черт., табл.
_c23 см
380 _a5
500 _aАвт. : Ц.ено Н. Кръстев, Тинко Б. Бобев, Тодор Д. Карамански, Банко П. Банков, Рангел П. Рангелов, Юлиана В. Павлова, Ангел Д. Тепавичаров, Танко Г. Тодоров, Александър А. Попов, Димитър С. Цанев. - 5 066 тир. - Библиогр. с. 521-523.
650 4 _aЕластичност - теория - учебници за ВУЗ
_9154519
653 _aеластичност
653 _aучебници за ВУЗ
700 1 _aВърбанов, Христо Петров
_eпод ред. на
_9384751
852 _aЦб 73513
_bЦб
856 4 _qpdf
856 4 _qpdf
942 _cKNG
_n0
_01
_s1
944 _aCR
_c04.01.2017
_kРадостина_Карадакова
944 _aED
_c2022-09-07
_kир
999 _d189823